000 00447nam a2200145Ia 4500
003 OSt
005 20260129124632.0
008 211028s2018 xx 000 0 und d
040 _cAIMIT LIBRARY
041 _aeng
100 _aJithu, Neha; James, Neha.
_g1616119
_97874
245 _aStudy on employee engagement with special reference to Vinayaka enterprises Mangalore /
260 _aMangalore
_bRoyce Winfred Baretto.
_c2018
942 _2ddc
_cPRO
999 _c219442
_d219442